000 00750nam0a22002411 4500
001 rc\737102
005 20250622113625.0
035 _a(NLR Aleph) 006267005
090 _a6908951
_c6908950
100 _a20040301d1985 |||y0rusy50 ca
101 0 _arus
102 _aRU
105 _ay |||||||||
200 1 _aОткрытия и судьбы
_eВстречи, беседы, размышления
210 _aМ.
_cСов. Россия
_d1985
215 _a158 с.
_d20
700 1 _7ca
_8rus
_aРоманов
_bА. А.
_cочеркист
_gАлександр Алексеевич
_9226751
_3RU\NLR\AUTH\770226807
801 0 _aRU
_bNLR
_gpsbo
801 1 _aRU
_bELAR
_2rusmarc
852 _aNLR
_j86-3/14560
942 _cBOOK
980 _aNB